Beijing Law Review

Bibliographic Details
Format: Journal
Language:English
Published: Irvine CA : Scientific Research Publishing, 2010-
Subjects:
Online Access:http://www.vlex.com/source/7162

MARC

LEADER 00000nas a22000007a 4500
005 20130314155625.0
007 cr|||| ||||
008 130314c20109999xxutr|p s|||| 0|||a1eng d
035 |a 7162 
040 |a vLex 
090 |c 3913  |d 3913 
245 0 0 |a Beijing Law Review  |h [Recurso electrn̤ico] 
256 |a Servicio en ln̕ea 
260 |a Irvine CA :  |b Scientific Research Publishing,  |c 2010- 
300 |a 1 Recurso electrn̤ico 
506 |d vLex Global  |d vLex Global (Academic Edition, excluding Law Schools)  |d vLex Global (U.S. Academic Edition, Law Schools)  |d vLex Global (U.S. Academic Edition, excluding Law Schools)  |d vLex Global (Academic Edition, Law Schools) 
650 0 4 |a Derecho  |v Revistas  |z China 
740 |a vLex Revistas (Servicio en ln̕ea) 
856 |a Acceso restringido  |u http://www.vlex.com/source/7162 
942 |c REV